Sankyasabda nikhandu (Record no. 268)
[ view plain ]
| 000 -LEADER | |
|---|---|
| fixed length control field | 00414cam a2200181ua 4500 |
| 041 ## - LANGUAGE CODE | |
| Language code of text/sound track or separate title | eng |
| 082 ## - DEWEY DECIMAL CLASSIFICATION NUMBER | |
| Classification number | 200.03 |
| Item number | KRI/SA |
| 100 ## - MAIN ENTRY--AUTHOR NAME | |
| Personal name | Krishnapillai, G . |
| 245 ## - TITLE STATEMENT | |
| Title | Sankyasabda nikhandu |
| 250 ## - EDITION STATEMENT | |
| Edition statement | 1 / |
| 260 ## - PUBLICATION, DISTRIBUTION, ETC. (IMPRINT) | |
| Place of publication | Kottayam : |
| Name of publisher | Vidyarthimithram bookdepo , |
| Year of publication | 1955. |
| 300 ## - PHYSICAL DESCRIPTION | |
| Number of Pages | 186 ; . |
| 942 ## - ADDED ENTRY ELEMENTS (KOHA) | |
| Koha item type | Books |
| Withdrawn status | Lost status | Damaged status | Home library | Current library | Date acquired | Full call number | Accession Number | Koha item type |
|---|---|---|---|---|---|---|---|---|
| Withdrawn | KAUAET | Malayalam University | 07/04/2012 | 200.03 | 4674 | Books |
